000 00276 a2200097 4500
090 _c4134
_d4134
100 _aCarol Mccullough Dieter
245 _aOracle 8 Developer's Guide with Designer and Developer Tools
260 _aIDG Books
_bIndia
_c1999
942 _aNBS
_cBK
_k005.74 DIE
999 _c346587
_d346587